000 01154nmm a2200325 a 4500
001 ocm0001865067
003 TR-IsHL
005 20201028172527.0
008 180603s2015 tu tur
007 cr cn
020 _a9786054635122
035 _a1865067
_b(N$T)
050 0 4 _aPL232
_b.N86 2015
090 0 4 _aPL232
_b.N86 2015
100 1 _aEbüzziya Tevfik,
_d1849-1913
245 1 0 _aNümune-i edebiyyat-ı Osmaniyye: Osmanlı edebiyatı düzyazı antolojisi
_h[electronic resource] /
_c Ebüzziya Tevfik ; editör Eren Yalçın
250 _aBirinci basım
260 _aİstanbul :
_bDün Bugün Yarın Yayınları,
_c2015
300 _a1049 p.
500 _aKaynakça ve dizin var.
_x
650 4 _aDil ve Edebiyat
650 4 _aLanguage and Literature
650 0 _aTürk edebiyatı
_x Toplu çalışmalar
650 0 _aTurkish literature
_x Collected works
650 0 _aTürk edebiyatı
650 0 _aTurkish literature
650 7 _aLITERARY COLLECTIONS / Middle Eastern
_2bisacsh
700 1 _aYalçın, Eren
856 4 0 _uhttp://search.ebscohost.com/login.aspx?direct=true&scope=site&db=e011xww&AN=1865067
999 _c17243
_d17243